[Event "Barcelona Sant Marti op-A 23rd"]
[Site "Barcelona"]
[Date "2023.07.13"]
[Round "1"]
[White "Serrano Batova, Vicent"]
[Black "Campillo Lopez, Ricardo Bienavent"]
[Result "1-0"]
[WhiteElo "2061"]
[BlackElo "1642"]
[PlyCount "77"]
[EventDate "2023.07.13"]
[EventType "swiss"]
[EventRounds "9"]
[EventCountry "ESP"]
[SourceTitle "CBM 215 Extra"]
[Source "ChessBase"]
[SourceDate "2023.09.30"]
[SourceVersion "1"]
[SourceVersionDate "2023.09.30"]
[SourceQuality "1"]

1. d4 Nf6 2. Nf3 g6 3. c4 Bg7 4. Nc3 0-0 5. Bg5 d6 6. e3 h6 7. Bh4 g5 8. Bg3 Nh5 9. Qc2 f5 10. Be2 e6 11. Nd2 Nxg3 12. hxg3 Nc6 13. 0-0-0 a6 14. Kb1 Bd7 15. g4 Qe8 16. gxf5 Rxf5 17. Nde4 b5 18. Bh5 Qe7 19. Ng3 Rff8 20. Bf3 bxc4 21. Nh5 d5 22. a3 Rab8 23. Nxg7 Qxg7 24. Rh3 Ne7 25. Rdh1 Rf6 26. Bg4 Be8 27. Ka1 Bg6 28. Qa4 Bf5 29. Bxf5 Nxf5 30. Qxa6 Rb6 31. Qa5 Qf8 32. Na4 Rb3 33. Nc5 Nxd4 34. exd4 Rxh3 35. Rxh3 Rxf2 36. Rf3 Rxf3 37. gxf3 Qxf3 38. Qxc7 Qf7 39. Qe5 1-0

[Event "Barcelona Sant Marti op-A 22nd"]
[Site "Barcelona"]
[Date "2022.07.17"]
[Round "5"]
[White "Romero Gamez, Francisco Javier"]
[Black "Campillo Lopez, Ricardo Bienavent"]
[Result "0-1"]
[WhiteElo "1455"]
[BlackElo "1614"]
[PlyCount "56"]
[EventDate "2022.07.13"]
[EventType "swiss"]
[EventRounds "9"]
[EventCountry "ESP"]
[SourceTitle "CBM 209 Extra"]
[Source "ChessBase"]
[SourceDate "2022.09.30"]
[SourceVersion "1"]
[SourceVersionDate "2022.09.30"]
[SourceQuality "1"]

1. e4 c5 2. Nf3 e6 3. d4 cxd4 4. Nxd4 Nc6 5. Nxc6 bxc6 6. Bd3 e5 7. 0-0 Nf6 8. f4 Bd6 9. f5 Bc5+ 10. Kh1 d5 11. Qe2 dxe4 12. Bxe4 Nxe4 13. Qxe4 Qd5 14. Qg4 g6 15. Nc3 Qd8 16. Qe4 Qc7 17. fxg6 hxg6 18. Bg5 Bf5 19. Rxf5 gxf5 20. Qxf5 Be7 21. Ne4 Bxg5 22. Qxg5 Rd8 23. Nf6+ Kf8 24. Re1 Rd4 25. Nh5 Rh7 26. Ng3 Rd5 27. Nf5 e4 28. g4 Qxh2# 0-1